000 00318nam a2200157Ia 4500
100 _aKani/Nagoor A
650 _aSignals and systems
942 _cBK
366 _f22
654 _asignals
245 _aSignals and systems
260 _bMcGraw - Hill
_c2010
082 _bKAN
546 _aENGLISH
999 _c23016
_d23016